000 00344nam a2200157Ia 4500
003 OSt
005 20240209123417.0
008 170524s9999 xx 000 0 und d
020 _a978-1259004995
040 _cIIMT UNIVERSITY
100 _aSINGH HARVINDER
100 _c2012
245 0 _aMALL MANAGEMENT
260 _aTMH
942 _2ddc
_c01
999 _c2767
_d2767